|
|
|
|
| LEADER |
01284nam a22003497a 4500 |
| 001 |
mzk03001033235 |
| 003 |
CZ BrMZK |
| 005 |
20060110140156.0 |
| 007 |
ta |
| 008 |
060110s1545 sz fr|||||00| ||latod |
| 040 |
|
|
|a BOA001
|b cze
|c BOA001
|
| 072 |
|
7 |
|a 094
|x Staré tisky
|2 Konspekt
|9 12
|
| 080 |
|
|
|a (0.068)094
|2 MRF
|
| 100 |
0 |
|
|a Aristotelés,
|d 384 př. Kr.-322 př. Kr.
|7 jn19981000140
|4 aut
|
| 245 |
1 |
0 |
|a Rhetoricorum libri tres, Hermolao Barbaro ... interprete. Danielis Barbari in eosdem libros Commentarii. Cum ... Indice
|
| 260 |
|
|
|a Basileae :
|b Barth. Westhemerus,
|c 1545
|
| 300 |
|
|
|a [14], 679 [spr.769], [43] s. ;
|c 8°
|
| 500 |
|
|
|a In margine a na 15 prázdných listech na konci hojné souvěké přípisky
|
| 500 |
|
|
|a Výzdoba: Iniciály
|
| 563 |
|
|
|a Původní pergamenová vazba
|
| 655 |
|
7 |
|a staré tisky
|7 fd422076
|2 czenas
|
| 700 |
1 |
|
|a Barbaro, Ermolao,
|d 1454-1493
|7 ola2008452262
|4 oth
|
| 700 |
1 |
|
|a Barbaro, Daniele
|4 oth
|
| 903 |
|
|
|a RP
|
| 910 |
|
|
|a BOA001
|b ST1-0689.992
|
| 978 |
|
|
|b Westheimer, Bartholomäus
|a Basel
|c 1545
|
| 984 |
|
|
|a Basilej
|b Švýcarsko
|
| 985 |
|
|
|a 1501-1550
|
| 990 |
|
|
|a BK
|
| 993 |
|
|
|a Y
|
| 991 |
|
|
|k mzk
|
| 996 |
6 |
|
|b 2619292047
|c ST1-0689.992
|l stud. ST
|r Sklad / do násl. otevíracího dne
|n 0
|w 001033476
|u 000010
|a 1
|e BOA001
|s P
|